Memoria Encuentro sobre experiencias de diálogo social y político en el Ecuador. Balance y perspectivas /
El encuentro sobre experiencias de diálogo social y político en el Ecuador: Balance y perspectivas fue organizado por la Coordinación del sistema de Naciones Unidas en el Ecuador y la Agencia Suiza para el Desarrollo y la Cooperación (COSUDE), para facilitar el intercambio de criterios sobre las lec...
שמור ב:
| מחבר תאגידי: | |
|---|---|
| פורמט: | Texto |
| שפה: | Spanish |
| יצא לאור: |
Manta, Ecuador:
Sistema de las Naciones Unidas en el Ecuador
2004
|
| נושאים: | |
| תגים: |
הוספת תג
אין תגיות, היה/י הראשונ/ה לתייג את הרשומה!
|
MARC
| LEADER | 00000 a a2200000 04500 | ||
|---|---|---|---|
| 001 | 35837 | ||
| 003 | cru CIDCACS/IIS | ||
| 005 | 20230707101220.0 | ||
| 008 | 230502e2004 ec ||||| |||| 00| 0 spa d | ||
| 040 | |c CRAI/IIS | ||
| 090 | |a 02.02.01 E56e | ||
| 110 | 1 | |9 11230 |a Sistema de las Naciones Unidas en el Ecuador | |
| 245 | |a Memoria |b Encuentro sobre experiencias de diálogo social y político en el Ecuador. Balance y perspectivas / |c Sistema de las Naciones Unidas en el Ecuador | ||
| 260 | |a Manta, Ecuador: |b Sistema de las Naciones Unidas en el Ecuador |c 2004 | ||
| 300 | |a 71 páginas | ||
| 520 | |a El encuentro sobre experiencias de diálogo social y político en el Ecuador: Balance y perspectivas fue organizado por la Coordinación del sistema de Naciones Unidas en el Ecuador y la Agencia Suiza para el Desarrollo y la Cooperación (COSUDE), para facilitar el intercambio de criterios sobre las lecciones que han dejado los procesos de concertación desarrollados en el Ecuador. Se presentaron y debatieron tres experiencias recientes de diálogo social y político, cada uno de distinto alcance, duración y contexto: 1) El diálogo de Cusín relacionado con el proceso de paz con el Perú, 2) El Proyecto Diálogo 21, desarrollado sobre todo a nivel local y comunitario y , 3) El Diálogo Nacional por la Unidad y el Desarrollo. Partiendo de los casos seleccionados, y considerando en la discusión otras muchas iniciativas dialogantes que se han dado en el país, los país, los participantes señalaron como principales lecciones aprendidas las siguientes: Se requiere legitimidad, credibilidad y liderazgo es fundamental un compromiso real con el proceso se precisa de poder para implementar lo acordado a la menos real influencia, considerar la conformación de un grupo plural y representativo de convocantes y dicho proceso debe tener apropiación nacional | ||
| 650 | |a POLITICA | ||
| 650 | |a GOBERNABILIDAD | ||
| 650 | |a DEMOCRACIA | ||
| 650 | |a ECUADOR | ||
| 942 | |2 ddc |c LI |h 02.02.01 E56e |i 01883 |6 020201_E56E_01883 | ||
| 999 | |c 12863 |d 12863 | ||
